| 000 | 03064nam a2201201 a 4500 | ||
|---|---|---|---|
| 003 | PE-LiUPU | ||
| 005 | 20250813185711.0 | ||
| 008 | 240625b |||||||| |||| 00| 0 spa d | ||
| 020 | _a9786123172305 | ||
| 040 |
_bspa _cPE-LiUPU _dPE-LiUPU _erda |
||
| 082 | 0 | 4 |
_223 _a346.4 _bA951d |
| 100 | 1 |
_aAvendaño Valdez, Jorge, _d1933-2017. |
|
| 245 | 1 | 0 |
_aDerechos reales / _cJorge Avendaño V. y Francisco Avendaño A. |
| 250 | _aPrimera edición. | ||
| 260 | 3 |
_aLima : _bPontificia Universidad Católica del Perú, _c1989. |
|
| 264 |
_aLima : _bFondo Editorial PUCP, _c2017. |
||
| 300 |
_a178 páginas ; _c20.5 centímetros. |
||
| 490 |
_a(Lo esencial del Derecho ; _v1) |
||
| 500 | _aMateriales de enseñanza para el estudio del libro V del Código Civil en la Facultad de Derecho. | ||
| 504 | _aBibliografía: p. [173]-174. | ||
| 505 | 0 | _aLos derechos reales -- Los bienes -- La posesión -- La propiedad -- Copropiedad -- Régimen de unidades inmobiliarias de propiedad exclusiva y de propiedad común -- Hipoteca -- Garantía mobiliaria. | |
| 526 | _aP202 | ||
| 526 | _aP201 | ||
| 526 | _aP163 | ||
| 526 | _aP162 | ||
| 526 | _aP161 | ||
| 526 | _aP160 | ||
| 526 | _aP148 | ||
| 526 | _aP147 | ||
| 526 | _aP146 | ||
| 526 | _aP145 | ||
| 526 | _aP144 | ||
| 526 | _aP143 | ||
| 526 | _aP142 | ||
| 526 | _aP141 | ||
| 526 | _aP140 | ||
| 526 | _aP139 | ||
| 526 | _aP138 | ||
| 526 | _aP137 | ||
| 526 | _aP136 | ||
| 526 | _aP135 | ||
| 526 | _aP134 | ||
| 526 | _aP133 | ||
| 526 | _aP129 | ||
| 526 | _aP128 | ||
| 526 | _aP127 | ||
| 526 | _aP120 | ||
| 526 | _aP119 | ||
| 526 | _aP118 | ||
| 526 | _aP116 | ||
| 526 | _aP115 | ||
| 526 | _aP114 | ||
| 526 | _aP110 | ||
| 526 | _aP109 | ||
| 526 | _aP108 | ||
| 526 | _aP104 | ||
| 526 | _aP103 | ||
| 526 | _aP102 | ||
| 526 | _aP99 | ||
| 526 | _aP98 | ||
| 526 | _aP97 | ||
| 526 | _aP96 | ||
| 526 | _aP95 | ||
| 526 | _aP93 | ||
| 526 | _aP90 | ||
| 526 | _aP89 | ||
| 526 | _aP88 | ||
| 526 | _aP83 | ||
| 526 | _aP82 | ||
| 526 | _aP62 | ||
| 526 | _aP59 | ||
| 526 | _aP58 | ||
| 526 | _aP57 | ||
| 526 | _aP51 | ||
| 526 | _aP49 | ||
| 526 | _aP48 | ||
| 526 | _aP47 | ||
| 526 | _aP29 | ||
| 526 | _aP24 | ||
| 526 | _aP20 | ||
| 526 | _aP19 | ||
| 526 | _aP17 | ||
| 526 | _aP15 | ||
| 526 | _aP14 | ||
| 526 | _aP12 | ||
| 526 | _aP10 | ||
| 526 | _aP09 | ||
| 526 | _aP08 | ||
| 526 | _aP07 | ||
| 526 | _aP06 | ||
| 526 | _aP05 | ||
| 526 | _aP04 | ||
| 526 | _aP01 | ||
| 650 | 1 | 0 |
_aDerecho. _xEstudio y enseñanza. _93516 |
| 650 | 2 | 8 |
_aDerecho civil (Derechos reales) _zPerú. |
| 650 | 2 | 8 |
_aDerecho de propiedad _zPerú. _92900 |
| 650 | 2 | 8 |
_aPosesión (Derecho) _zPerú. _92901 |
| 650 | 2 | 8 |
_aMultipropiedad _xAspectos legales _zPerú. _94227 |
| 700 |
_aAvendaño Arana, Francisco, _d1961- _eautor. _94228 |
||
| 710 |
_aPontificia Universidad Católica del Perú. _92499 |
||
| 942 |
_2ddc _cBK |
||
| 980 |
_618226 _aJaime Vilcazán Jefe de Análisis Documental _81 _gALBERTO SANCHEZ Responsable de Automatización |
||
| 999 |
_c62510 _d62509 |
||